Detalles MARC
| 000 -CABECERA |
| Longitud fija campo de control |
01923cam a2200421 i 4500 |
| 003 - • IDENTIFICADOR DELl NÚMERO DE CONTROL |
| Identificador del número de control |
CO-BoRNBP |
| 005 - • FECHA Y HORA DE LA ÚLTIMA TRANSACCIÓN |
| Fecha y hora de la última transacción |
20251007224113.0 |
| 007 - • CAMPO FIJO DE DESCRIPCIÓN FÍSICA |
| Campo fijo de descripción física |
ta |
| 008 - • CÓDIGOS DE INFORMACIÓN DE LONGITUD FIJA |
| Códigos de información de longitud fija |
230510s2019 ck ao gr 110 0 spa |
| 020 ## - • NÚMERO INTERNACIONAL NORMALIZADO PARA LIBROS |
| Número Internacional Normalizado para Libros (ISBN) |
9789589953945 |
| 040 ## - FUENTE DE LA CATALOGACIÓN |
| Centro catalogador de origen |
CO-BoBN |
| Lengua de catalogación |
spa |
| Normas de descripción |
rda |
| Centro transcriptor |
CO-BoBN |
| 041 0# - • CÓDIGO DE LENGUA |
| Código de lengua del texto/banda sonora o título independiente |
spa |
| 043 ## - CÓDIGO DE ÁREA GEOGRÁFICA |
| Código de área geográfica |
cl----- |
| Código local GAC |
s-ck--- |
| 082 04 - • NÚMERO DE LA CLASIFICACIÓN DECIMAL DEWEY |
| Número de clasificación (R) |
781.6200798 |
| Número de edición |
23 |
| 111 2# - • PUNTO DE ACCESO PRINCIPAL-NOMBRE DE CONGRESO |
| Nombre de congreso o jurisdicción como elemento de entrada |
Torneo Internacional del Joropo Miguel Ángel Martín |
| Número del congreso o número de parte o sección de la obra |
(51o. : |
| Fecha del congreso |
2019 : |
| Sede del congreso |
Villavicencio), |
| 245 10 - • TITULO PROPIAMENTE DICHO |
| Título |
51 Torneo Internacional del Joropo Miguel Ángel Martín : |
| Resto del título |
homenaje a Walter Silva / |
| Mención de responsabilidad, etc. |
textos, Julián Isaza Niño [y otros cuatro] ; fotografía, Constantino Castelblanco Quintana [y cuatro] |
| 246 0# - • VARIANTES DE TÍTULO |
| Título propio / Título en breve |
Quincuagésimo Primer Torneo Internacional del Joropo Miguel Ángel Martín |
| 250 ## - • MENCIÓN DE EDICIÓN |
| Mención de edición |
Primera edición |
| 264 #1 - PRODUCCIÓN, PUBLICACIÓN , DISTRIBUCIÓN, FABRICACIÓN Y COPYRIGHT |
| Lugar de producción, publicación, distribución, fabricación |
[Colombia] : |
| Nombre del productor, editor, distribuidor, fabricante |
Cirpa : |
| -- |
Gobernación del Meta, |
| Fecha de de producción, publicación, distribución, fabricación o copyright |
2019 |
| 300 ## - • DESCRIPCIÓN FÍSICA |
| Extensión |
197 páginas : |
| Otras características físicas |
ilustraciones y fotografías a color ; |
| Dimensiones |
31 cm + |
| Material Anexo |
1 memoria USB |
| 336 ## - TIPO DE CONTENIDO |
| Término de tipo de contenido |
Texto |
| Código de tipo de contenido |
txt |
| Fuente |
rdacontent |
| 337 ## - TIPO DE MEDIO |
| Nombre del tipo de medio |
Sin mediación |
| Código del tipo de medio |
n |
| Fuente |
rdamedia |
| 338 ## - TIPO DE SOPORTE |
| Nombre del tipo de soporte |
Volumen |
| Código del tipo de soporte |
nc |
| Fuente |
rdacarrier |
| 650 14 - • PUNTO DE ACCESO ADICIONAL DE MATERIA - TÉRMINO DE MATERIA |
| Término de materia o nombre geográfico como elemento inicial |
Joropo (Música) |
| Subdivisión geográfica |
América Latina |
| Subdivisión cronológica |
Siglo XXI |
| Subdivisión de forma |
Concursos |
| Fuente del encabezamiento o término |
LEMB |
| 650 24 - • PUNTO DE ACCESO ADICIONAL DE MATERIA - TÉRMINO DE MATERIA |
| Término de materia o nombre geográfico como elemento inicial |
Joropo (Danza) |
| Subdivisión geográfica |
América Latina |
| Subdivisión cronológica |
Siglo XXI |
| Subdivisión de forma |
Concursos |
| Fuente del encabezamiento o término |
LEMB |
| 650 24 - • PUNTO DE ACCESO ADICIONAL DE MATERIA - TÉRMINO DE MATERIA |
| Término de materia o nombre geográfico como elemento inicial |
Música llanera |
| Subdivisión geográfica |
América Latina |
| Subdivisión cronológica |
Siglo XXI |
| Subdivisión de forma |
Concursos |
| Fuente del encabezamiento o término |
LEMB |
| 650 24 - • PUNTO DE ACCESO ADICIONAL DE MATERIA - TÉRMINO DE MATERIA |
| Término de materia o nombre geográfico como elemento inicial |
Música folclórica latinoamericana |
| Subdivisión cronológica |
Siglo XXI |
| Subdivisión de forma |
Concursos |
| Fuente del encabezamiento o término |
LEMB |
| 650 24 - • PUNTO DE ACCESO ADICIONAL DE MATERIA - TÉRMINO DE MATERIA |
| Término de materia o nombre geográfico como elemento inicial |
Festivales de música |
| Subdivisión geográfica |
Colombia |
| Subdivisión cronológica |
Siglo XXI |
| Fuente del encabezamiento o término |
LEMB |
| 651 #4 - • PUNTO DE ACCESO ADICIONAL DE MATERIA - NOMBRE GEOGRÁFICO |
| Nombre geográfico |
Meta |
| Subdivisión de materia general |
Historia |
| Subdivisión cronológica |
Siglo XIX |
| 700 1# - • PUNTO DE ACCESO ADICIONAL - NOMBRE DE PERSONA |
| Nombre de persona |
Moreno Riaño, Jhon Emerson, |
| Fechas asociadas al nombre |
1978-, |
| Término indicativo de función |
autor |
| 700 1# - • PUNTO DE ACCESO ADICIONAL - NOMBRE DE PERSONA |
| Nombre de persona |
Ortegón, Carlos César, |
| Fechas asociadas al nombre |
1964-, |
| Término indicativo de función |
autor |
| 700 1# - • PUNTO DE ACCESO ADICIONAL - NOMBRE DE PERSONA |
| Nombre de persona |
Usme Andrade, Cielo Isabel, |
| Término indicativo de función |
autora |
| 700 1# - • PUNTO DE ACCESO ADICIONAL - NOMBRE DE PERSONA |
| Nombre de persona |
Robayo Sanabria, Darío, |
| Término indicativo de función |
autor |
| 700 1# - • PUNTO DE ACCESO ADICIONAL - NOMBRE DE PERSONA |
| Nombre de persona |
Castelblanco Quintana, Constantino, |
| Término indicativo de función |
fotógrafo |
| 942 ## - ENTRADA DE ELEMENTOS AGREGADOS (KOHA) |
| Fuente de clasificaión o esquema |
Dewey Decimal Classification |
| Koha [por defecto] tipo de item |
LIbro |
| 990 ## - EQUIVALENCIA O SECCIÓN-REFERENCIA [LOCAL, CANADA] |
| Enlace de información para campos 9XX |
2023-3244 |
| Enlace de información para campo correspondiente a campo 9XX |
Fundación Cirpa |